[Event "San Sebastian Gros op 27th"]
[Site "San Sebastian"]
[Date "2017.06.27"]
[Round "6"]
[White "Diaz Velandia, Jose Manuel"]
[Black "Alonso Garcia, Rene Marcial"]
[Result "1/2-1/2"]
[WhiteElo "2345"]
[BlackElo "2358"]
[PlyCount "40"]
[EventDate "2017.06.23"]
[EventType "swiss"]
[EventRounds "9"]
[EventCountry "ESP"]
[SourceTitle "CBM 179 Extra"]
[Source "ChessBase"]
[SourceDate "2017.08.23"]
[SourceVersion "1"]
[SourceVersionDate "2017.08.23"]
[SourceQuality "1"]

1. d4 Nf6 2. Nf3 g6 3. c4 Bg7 4. Nc3 d5 5. cxd5 Nxd5 6. Qb3 Nxc3 7. bxc3 0-0 8. e3 c5 9. Be2 b6 10. Ba3 Qc7 11. 0-0 Nc6 12. dxc5 Be6 13. Qb2 bxc5 14. Bxc5 Qa5 15. Qa3 Qxc3 16. Qxc3 Bxc3 17. Rac1 Bb2 18. Rc2 Rab8 19. Nd4 Bxd4 20. exd4 Bd5 1/2-1/2

[Event "San Sebastian Gros op 27th"]
[Site "San Sebastian"]
[Date "2017.06.25"]
[Round "3"]
[White "Anurag, Mhamal"]
[Black "Diaz Velandia, Jose Manuel"]
[Result "1-0"]
[WhiteElo "2466"]
[BlackElo "2345"]
[PlyCount "49"]
[EventDate "2017.06.23"]
[EventType "swiss"]
[EventRounds "9"]
[EventCountry "ESP"]
[SourceTitle "CBM 179 Extra"]
[Source "ChessBase"]
[SourceDate "2017.08.23"]
[SourceVersion "1"]
[SourceVersionDate "2017.08.23"]
[SourceQuality "1"]

1. Nf3 c5 2. g3 Nc6 3. c4 g6 4. Bg2 e5 5. Nc3 d6 6. a3 Bg7 7. 0-0 Nge7 8. b4 Be6 9. Ng5 Bxc4 10. d3 Be6 11. bxc5 d5 12. e4 Nd4 13. exd5 Bxd5 14. Nxd5 Nxd5 15. Qa4+ Kf8 16. Qc4 h6 17. Nxf7 Kxf7 18. Bxd5+ Ke7 19. Re1 Kf8 20. Bxb7 Rb8 21. Be4 Qf6 22. c6 Rc8 23. a4 Nxc6 24. Ba3+ Ke8 25. Rac1 1-0